000
00242nam a2200097Ia 4500
001
725682
005
20250826163414.0
008
250824s9999 xx 000 0 und d
245
0
_a
AĞAÇTAN GELEN ÇOCUK
_c
ALİ SAÇIKARA
260
_b
ATLI KARINCA
999
_c
725682
_d
725682